[Event "Maastricht Limburg op-B 9th"]
[Site "Maastricht"]
[Date "2015.05.25"]
[Round "6"]
[White "Peeters, Joep"]
[Black "Nguyen, Sang"]
[Result "0-1"]
[WhiteElo "1782"]
[BlackElo "1803"]
[PlyCount "78"]
[EventDate "2015.05.22"]
[EventType "swiss"]
[EventRounds "7"]
[EventCountry "NED"]
[SourceTitle "EXT 2016"]
[Source "ChessBase"]
[SourceDate "2015.10.08"]
[SourceVersion "1"]
[SourceVersionDate "2015.10.08"]
[SourceQuality "1"]

1. Nf3 Nf6 2. d4 d5 3. g3 e6 4. Bg2 Bd6 5. c4 c6 6. b3 0-0 7. 0-0 Nbd7 8. c5 Bc7 9. Bb2 Re8 10. Ne5 Nxe5 11. dxe5 Nd7 12. f4 Nxc5 13. Qc2 Nd7 14. Nd2 Qe7 15. Rac1 f6 16. Nf3 fxe5 17. fxe5 c5 18. e3 b6 19. Rf2 Bb7 20. Bf1 Rf8 21. Bd3 g5 22. Rcf1 g4 23. Nh4 Rxf2 24. Rxf2 Bxe5 25. Qe2 Bxb2 26. Qxg4+ Bg7 27. Bxh7+ Kxh7 28. Qh5+ Kg8 29. Ng6 Qd6 30. Rf4 Ne5 31. Rh4 Nxg6 32. Qxg6 Qe5 33. Qh7+ Kf7 34. Rf4+ Ke7 35. Qh4+ Kd6 36. Rf7 Qxe3+ 37. Kf1 Ba6+ 38. Kg2 Qe2+ 39. Kg1 Bd4+ 0-1

[Event "Maastricht Limburg op-B 8th"]
[Site "Maastricht"]
[Date "2014.06.08"]
[Round "4"]
[White "Bauchmueller, Franz Josef"]
[Black "Peeters, Joep"]
[Result "0-1"]
[WhiteElo "1789"]
[BlackElo "1786"]
[PlyCount "56"]
[EventDate "2014.06.06"]
[EventType "swiss"]
[EventRounds "7"]
[EventCountry "NED"]
[SourceTitle "EXT 2015"]
[Source "ChessBase"]
[SourceDate "2014.11.20"]
[SourceVersion "1"]
[SourceVersionDate "2014.11.20"]
[SourceQuality "1"]

1. e4 c5 2. Bc4 e6 3. Nc3 a6 4. a4 Nc6 5. Nf3 d6 6. d3 Nf6 7. Bg5 Be7 8. 0-0 0-0 9. Qe2 Qc7 10. Rad1 Nd4 11. Nxd4 cxd4 12. Nb1 Bd7 13. Bb3 Rfc8 14. Nd2 Qc5 15. f4 Bd8 16. e5 Nd5 17. Ne4 Qa5 18. Nxd6 Rc7 19. Bxd8 Rxd8 20. Rf3 Bc6 21. Rh3 Nxf4 22. Qf2 Nxh3+ 23. gxh3 Qxe5 24. Nc4 Qd5 25. Kf1 Qh5 26. Ke1 b5 27. axb5 axb5 28. Ne5 Qxe5+ 0-1